MDQL
is popping MORE tags! Check the
thread
!
Quizzes
Events
Quiz Creation
Community
Videos
Private Events
Remove Ads
Sign In
Join for FREE
Feedback
Dark Mode
Quiz Categories
Sports
Geography
Music
Movies
Television
Just For Fun
Miscellaneous
History
Literature
Language
Science
Gaming
Entertainment
Religion
Holiday
For Kids
Quiz Lab
Recent
Popular Today
Quiz Kudos Today
Editor Picks
Curator Picks
Quizzes by...
Day
Popularity
Type
Ratings
Length
Year
Community
Subscriptions
Recent Discussions
Orange Saloon
Badges
Playlists
Quests
Create
Leaderboards
Showdown
Live 5
Trivia Bingo
Activity
Puzzle Library
Sporcle Events
Private Events
Virtual Trivia
Globe League
Become a Host
Pub Owners
SporcleCon
Opinionation
Our Games
Videos
Blog
Mobile Apps
Partnerships
Remove Ads and Go Orange
Feedback
Sports
Athletes
MLB
NBA
NHL
NFL
Soccer
Sports Teams
WWE
NCAA
Football
Premier League
Basketball
Baseball
Hockey
Golf
Tennis
Cricket
Rugby
Auto Racing
Olympics
World Cup
Sports
Athletes
MLB
NBA
NHL
NFL
Soccer
Sports Teams
WWE
NCAA
Football
Premier League
Basketball
Baseball
Hockey
Golf
Tennis
Cricket
Rugby
Auto Racing
Olympics
World Cup
Random Quiz
Search Sporcle
×
Quiz Lab
Quiz Lab
Sports
Player
Type in answers that appear in a list
Type in answers that appear in a list
Classic
Best Score? Go Orange.
Top 50 Bundesliga Goalscorers 2000-2010 Stats
Can you name the Top 50 Bundesliga Goalscorers 2000-2010?
By
MaxiW
12m
50 Questions
949 Plays
949 Plays
949 Plays
Comments
Comments
Give Quiz Kudos
Give Quiz Kudos
-
- Ratings
hide this ad
Replay
Link that replays current quiz
Next Quiz
Link to next quiz in quiz playlist
You Got
0%
They Got
Avg Score
58%
Avg Friend Score
Upgrade to see
Score Distribution
Jump to the score distribution portion of the page
Score
0/50
Timer
12:00
0
Plays Today
Clubs
Player
% Correct
Bremen, Lautern, Bayern
Miroslav Klose
97.4%
Stuttgart, Bayern
Mario Gómez
96%
Bayern, Bremen
Claudio Pizarro
95%
Bayern, Leverkusen
Michael Ballack
86.6%
Bremen, Schalke, Hamburg, Duisburg
Aílton
86.3%
Wolfsburg
Edin Dzeko
86%
Bayern
Roy Makaay
84.2%
Köln, Bayern
Lukas Podolski
84.2%
Wolfsburg
Grafite
84.1%
Bayern
Giovane Elber
83.1%
Leverkusen, Nürnberg
Stefan Kießling
83%
Schalke, Stuttgart
Kevin Kurányi
81.3%
1860, Rostock
Martin Max
72.4%
Schalke
Ebbe Sand
71.8%
Bayern
Luca Toni
70.6%
Hamburg, Leverkusen, Dortmund
Sergej Barbarez
70.1%
Hoffenheim, Aachen
Vedad Ibisevic
70.1%
Dortmund, Nürnberg
Jan Koller
66.5%
Bochum, Frankfurt, Leverkusen, Hertha
Theofanis Gekas
65%
Stuttgart, Nürnberg
Cacau
64.5%
Leverkusen
Dimitar Berbatov
63.9%
Bremen, Dortmund, Bayern
Torsten Frings
63.7%
Hertha, Wolfsburg
Marcelinho
63.3%
Bremen
Ivan Klasnic
62.6%
Bremen, Wolfsburg
Diego
62%
Clubs
Player
% Correct
Leverkusen, Gladbach
Oliver Neuville
60.8%
Hamburg, Bayern
Ivica Olic
59.3%
Schalke, St. Pauli
Gerald Asamoah
58.3%
Bielefeld, Hertha
Artur Wichniarek
56.4%
Hertha
Michael Preetz
56.3%
Hamburg, Dortmund
Mladen Petric
55.5%
Mainz, Dortmund, Bremen, Hamburg
Mohamed Zidan
55.2%
Wolfsburg, Bochum, Dortmund
Diego Fernando Klimowicz
53%
Hannover, Wolfsburg, Schalke
Mike Hanke
44.2%
Lautern, Schalke, Frankfurt
Halil Altintop
42.9%
Dortmund, Stuttgart
Ewerthon
41.5%
Frankfurt, Lautern, Stuttgart
Ioannis Amanatidis
40.1%
Bochum, Hannover
Vahid Hashemian
40.1%
Hertha
Marko Pantelic
39.2%
Bremen, Dortmund
Nelson Valdez
38.2%
Hamburg, Bayern
José Paolo Guerrero
36.7%
Leverkusen
Bernd Schneider
36.4%
Leverkusen, Hertha, Köln
Andriy Voronin
33.3%
Hannover, Wolfsburg, Leverkusen
Thomas Brdaric
31.6%
1860, Nürnberg
Markus Schroth
30.6%
Bremen
Hugo Almeida
27.2%
Hannover
Jiri Stájner
26.5%
Wolfsburg, Bochum, Nürnberg
Zvjezdan Misimovic
24.7%
Hamburg
Bernardo Romeo
24.7%
Lautern, Bochum
Vratislav Lokvenc
23.6%
Quiz Playlist
Details
Report
Send in Message
Add To Playlist
Classic:
Type in answers that appear in a list
Last Updated: Feb 19, 2019
Quiz Scoreboard
CHALLENGE
Sign Up to Join the Scoreboard
Show All
Scores
Hide
Comments
May contain spoilers
Recently Published
Street Fighter Characters
by Artimus82
Gaming
60s
9x9 Crossword: Cartoon Network
by jackfrog10
Miscellaneous
3m
College Basketball Coaching Resumes
by pancakes188
Sports
9m
More to Explore
Quiz From the Vault
Featured Blog Post
Where Did the Easter Bunny Come From?
hide this ad
You Might Also Like...
Tags
2000s
bundesliga
club
goal
Goal Scorers
Player
Top 50
Today's Top Quizzes in Sports
Browse Sports
hide this ad
Today's Top Quizzes in Player
Browse Player
Top Contributed Quizzes in Sports
1
2022 World Cup Stars
2
Les meilleurs buteurs des matchs entre le PSG et l’OM
3
FIFA Club World Cup Champions
4
Les entraîneurs de l'OM et du PSG au 21e siècle
5
Criteria MLB: Left Handed Sluggers
6
2023 MLB Unique Player Accomplishments
7
AFC Teams Reveal (Wrong Answers Minefield)
8
Players with Multiple 50 Home Run Seasons
9
5-to-1: FBS Animal Nicknames
10
5-to-1: UK Sports Teams
Explore More
Trending Topics
Anime
NBA
Marvel
Disney
Harry Potter
Kpop
Crossword
Pokémon
Country
Puzzle
The Office
WWE
NFL
Song
Soccer
hide this ad
More By:
MaxiW
Quiz
Plays
Rating
Category
Featured
Created
Top 50 Bundesliga Goalscorers 2000-2010
949
5.00
Sports
Dec 28, 2011
Top 50 Bundesliga Goalscorers 1990-1999
218
5.00
Sports
Jan 3, 2012
Go to Creator's Profile
Score Distribution
Quiz Creator Spotlight
MaxiW
Follow
Send a Message
Quizzes Created
-
Created Quiz Play Count
-
More By This Creator
Popular Quizzes Today
1
Find the US States - No Outlines Minefield
2
Find the Countries of Europe - No Outlines Minefield
3
The Countries of the World
4
Find the US States
5
Risky Map Clicking: Biggest States A-Z
6
US States
7
Popular People in 1961
8
Movies - When Are They Set?
More Sports Quizzes
7-to-1: Football Crest Sorting Gallery VI
Quiz Lab
Trending Quizzes
Risky Map Clicking: Least Populous States A-Z
Countries of the World: 200 Million BC
1-10 Letter G Words
Risky Map Clicking: Next State Alphabetically
Adjectives in 80s TV Shows
Recently Updated
Leaping Animals
pecheneg
Reality TV Shows (A-Z)
bhenderson79
Rickey Henderson's Hall of Fame Teammates
pecheneg
Champions League XIs: Arsenal
pecheneg
Quick Pick: Celebrities in WWE's Hall of Fame
aduchscher
A-Z Keypad Blitz II
pecheneg
Multiple Oscar Actors
pecheneg
Mystery Phrase Blitz: Oscar 'Best Actors'
pecheneg
F. Scott Fitzgerald Novels
LTH
Pick 3 Villains
ddd62291
Trending Topics
Disney
NBA
Kpop
Harry Potter
Crossword
Anime
Marvel
The Office
Puzzle
Pokémon
NFL
Song
Soccer
WWE
Country
Your Account Isn't Verified!
In order to create a playlist on Sporcle, you need to verify the email address you used during registration. Go to your
Sporcle Settings
to finish the process.
Report this User
Report this user for behavior that violates our
Community Guidelines
.
Details:
Send Report
Go to the Sporcle.com Mobile Site →
Comments